000 00343nam a22001457a 4500
020 _a0-14-303028-0
082 _a001
_bNAR/S
100 _aNARLIKAR,JAYANT V
245 _aTHE SCIENTIFIC EDGE
250 _aFIRST
260 _aNEW DELHI
_bPENGUIN BOOKS
_c2003
300 _a216
650 _aINDIA'S SCIENCE IN HISTORY
_zNEW DELHI
942 _cBK
999 _c6728
_d6728